000 00740nam a22002417a 4500
999 _c176533
_d176533
005 20210105164307.0
010 _aENG-128733
020 _a978-81-8180-421-1
_c195.00
035 _aEN-112265
037 _bDBAD/PUB
082 _a657.046
245 _aAdvanced Accounting: B. Com Second Year-Semester III
_cS. Krishnaiah Goud, et.al.
260 _aHyderabad
_bTelugu Akademi
_c2017
270 _bHyderabad
_e500029
_aTelugu Akademi
300 _a507p.
_c28cm(pbk)
_bIncluding tables.
700 _aGoud, S. Krishnaiah
700 _aGopisetti, Rambabu
700 _aChary, S. Narasimha
700 _aGangadhar, K
700 _aTalluri, Vanisree
700 _aYadagiri, M, Ed.
942 _2ddc
_cEN
_h657.046
_mADV